| 000 | 00599nab a2200181 4500 | ||
|---|---|---|---|
| 001 | 244442 | ||
| 003 | OSt | ||
| 005 | 20230602111622.0 | ||
| 007 | tu | ||
| 008 | 200917s2020||||||| | ||
| 040 |
_aDE-2950 _cDE-2950 |
||
| 245 | 0 | 0 |
_aSeit 30 Jahren für die Region engagiert. _bJubiläum. Mitarbeiter und Gäste des Vereins Mittlere Oder haben bei einem treffen Bilanz gezogen und Aufgaben benannt / _cred. |
| 264 | _c2023 | ||
| 653 | _aFrankfurt (Oder) | ||
| 653 | _aVerein Mittlere Oder | ||
| 773 | 0 |
_g34. Jahrgang (2023) Nr. 124 vom 31.05.2023, S. 15: mit Foto _tMärkische Oderzeitung |
|
| 942 |
_2z _cA |
||
| 999 |
_c372502 _d372502 |
||